Εθνικό VTMIS : διπλωματική εργασία

Αποθηκεύτηκε σε:
Λεπτομέρειες βιβλιογραφικής εγγραφής
Κύριος συγγραφέας: Ντάτης, Νικήτας
Συγγραφή απο Οργανισμό/Αρχή: Πανεπιστήμιο Αιγαίου Σχολή Επιστημών της Διοίκησης Τμήμα Ναυτιλίας και Επιχειρηματικών Υπηρεσιών Πρόγραμμα Μεταπτυχιακών Σπουδών "Ναυτιλία, Μεταφορές και Διεθνές Εμπόριο - ΝΑ.Μ.Ε."
Άλλοι συγγραφείς: Λίτινας, Νικόλαος (Εισηγητής διατριβής), Νικητάκος, Νικήτας (Εισηγητής διατριβής)
Μορφή: Thesis Βιβλίο
Γλώσσα:Greek
Δημοσίευση: 2005
Θέματα:
Διαθέσιμο Online:http://hdl.handle.net/11610/12999
Ετικέτες: Προσθήκη ετικέτας
Δεν υπάρχουν, Καταχωρήστε ετικέτα πρώτοι!

MARC

LEADER 00000cam a2200000 i 4500
001 1/30243
008 060526s2005 gre d
035 |l 10084099 
040 |a GR-MY-UA  |b gre  |e aacr 
041 0 |a gre 
082 0 |a 387.54042  |2 (22) 
100 1 |a Ντάτης, Νικήτας. 
245 1 0 |a Εθνικό VTMIS :  |b διπλωματική εργασία /  |c Ντάτης Νικήτας ; επιβλέπων Νικητάκος Νικήτας ; διευθυντής σπουδών Λίτινας Νικόλαος 
260 |c 2005 
300 |a 109 σ.;  |b διαγρ., πίν., χάρτες;  |c 30 εκ. 
502 |a Διατριβή (μεταπτυχιακή) – Πανεπιστήμιο Αιγαίου, Χίος, 2005. 
504 |a Περιλαμβάνει βιβλιογραφία 
610 2 0 |a Πανεπιστήμιο Αιγαίου. 
650 0 0 |a Navigation  |x Safety measures. 
650 0 0 |a Electronics in navigation. 
650 0 0 |a Harbors  |x Traffic control. 
650 0 0 |a Ships  |x Automatic identification systems. 
650 0 0 |a Dissertations, Academic  |z Greece. 
700 1 |a Λίτινας, Νικόλαος.  |4 ths 
700 1 |4 ths  |a Νικητάκος, Νικήτας. 
710 1 |a Πανεπιστήμιο Αιγαίου  |b Σχολή Επιστημών της Διοίκησης  |b Τμήμα Ναυτιλίας και Επιχειρηματικών Υπηρεσιών  |b Πρόγραμμα Μεταπτυχιακών Σπουδών "Ναυτιλία, Μεταφορές και Διεθνές Εμπόριο - ΝΑ.Μ.Ε.". 
852 |a INST  |b CHIOS  |c DIATR  |e 20060526  |h 387.54042 ΝΤΑ  |p 005200024269  |q 005200024269  |t MTXE  |y 23 
852 |a INST  |b CHIOS  |c DIATR  |e 20060526  |h 387.54042 ΝΤΑ  |p 005200024270  |q 005200024270  |t MTXE  |y 23 
856 |u http://hdl.handle.net/11610/12999 
901 |a BIBL2-2006-2 
909 |a Χ  |b 106674 
909 |a Χ  |b 099972 
924 |a ΝΤΑΤΗΣ  |b ΝΙΚΗΤΑΣ  |y ΧΙΟΣ  |z 2005-11 
970 |a ΒΑΣΙΛΑΚΗ  |b ΝΙΚΗ  |z 2006/05/26